Pays de l'Union européenne sur une carte - Erreurs éliminatoires - Statistiques

Statistiques générales
  • Ce quiz a été pris 341 fois
  • Le résultat moyen est 17 sur 27
Réponses sur la Carte
Les réponses sont colorées sur une échelle allant du rouge au vert en fonction du pourcentage des utilisateurs qui les ont devinées à leur premier essai. Vous pouvez retrouver ces pourcentages ci-dessous.
 
Statistiques - réponses
Pays % Correct
France
96%
Espagne
85%
Portugal
81%
Italie
77%
Allemagne
76%
Belgique
73%
Irlande
69%
Pologne
68%
Suède
68%
Pays-Bas
67%
Grèce
65%
Autriche
63%
Danemark
61%
Luxembourg
61%
Croatie
60%
Hongrie
60%
République tchèque
60%
Estonie
58%
Lituanie
58%
Slovaquie
58%
Lettonie
57%
Slovénie
57%
Finlande
56%
Roumanie
55%
Bulgarie
50%
Malte
45%
Chypre
40%
Aucun quiz correspondant
Distribution des résultats
% des personnes avec chaque résultat
Percentile par nombre de réponses
Votre historique - résultats
Vous n’avez pas pris ce quiz